Loading...
| Fine Arts - Classical Music | 6 | 15.00 | 100% | 50% | 0% |
| Fine Arts - Other | 4 | 25.00 | 100% | 75% | 75% |
| Fine Arts - Painting and Sculpture | 7 | 22.86 | 100% | 71% | 57% |
| Geography | 3 | 16.67 | 100% | 67% | 0% |
| History - American | 3 | 23.33 | 100% | 67% | 67% |
| History - European | 6 | 21.67 | 100% | 100% | 17% |
| History - Other | 4 | 22.50 | 100% | 100% | 25% |
| History - World | 4 | 25.00 | 100% | 100% | 50% |
| Literature - American | 6 | 20.00 | 100% | 67% | 33% |
| Literature - British | 6 | 20.00 | 100% | 67% | 33% |
| Literature - European | 7 | 24.29 | 100% | 100% | 43% |
| Literature - World | 3 | 20.00 | 100% | 100% | 0% |
| Mythology | 4 | 17.50 | 100% | 75% | 0% |
| Philosophy | 5 | 14.00 | 100% | 40% | 0% |
| Religion | 8 | 18.75 | 88% | 88% | 13% |
| Science - Biology | 6 | 16.67 | 83% | 67% | 17% |
| Science - Chemistry | 4 | 10.00 | 50% | 25% | 25% |
| Science - Other | 3 | 6.67 | 67% | 0% | 0% |
| Science - Physics | 4 | 7.50 | 75% | 0% | 0% |
| Social Science | 4 | 12.50 | 75% | 25% | 25% |